000 00622nam a2200205Ia 4500
003 GCL
008 140319s9999 xx 000 0 ara d
040 _aGCL /
_cGCL
082 0 4 _a813.03
_bج ك
100 1 _aجمال الغيطانى
245 1 0 _aكتاب التجليات : السفرالثالث /
_cجمال الغيطانى
260 _a[S.N] :
_bدار المستقبل العربى ،
_c1986
300 _a219 ص
490 _a
650 0 4 _aالادب العربى
650 0 4 _aالقصص العربية
650 0 4 _aمصر
650 0 4 _aالقصص العربية المترجمة
942 _2ddc
_cBK
999 _c32299
_d32299